000 00572nam a2200181 a 4500
001 000036514
005 20200930075756.0
008 120119s1994 sp 000 0 spa d
020 _a8476726325
040 _aDO-SdBNP
_bspa
_cBNPHU
082 _axxxx
_bB398l
100 1 _aBecquer, Gustavo A.
_962760
245 1 0 _aLeyendas. /
_cGustavo A. Becquer; edición y notas Jorge Garza Castillo.
260 _aBarcelona :
_bEdicomunicación,
_c1994.
300 _a252 p. ;
_c19 cm.
490 1 _aClásicos universales.
_aFontana
830 0 _aClásicos universales.
_pFontana
_962761
999 _c36005
_d36005